00252nam a2200085 4500100002200000245009400022260002900116300000700145650001400152 aMapalagama,Y.D.B. aSorptive removal of P- nitroaniline from aqueous matricesby using acid modified tea waste aRajagiriyabICHEMCc2018 a25 aTea waste